Hình học họa hình; T1

保存先:
書誌詳細
第一著者: Nguyễn Đình Điện
フォーマット: 図書
言語:Undetermined
出版事項: Hà Nội ĐH và THCN 1977
主題:
タグ: タグ追加
タグなし, このレコードへの初めてのタグを付けませんか!
Thư viện lưu trữ: Trung tâm Học liệu Trường Đại học Cần Thơ
LEADER 00519nam a2200181Ia 4500
001 CTU_40144
008 210402s9999 xx 000 0 und d
082 |a 516.6 
082 |b Đ305/T1/1977 
100 |a Nguyễn Đình Điện 
245 0 |a Hình học họa hình; T1 
245 0 |c Nguyễn Đình Điện 
260 |a Hà Nội 
260 |b ĐH và THCN 
260 |c 1977 
650 |a geometry, descriptive 
904 |i Minh, 010203 
980 |a Trung tâm Học liệu Trường Đại học Cần Thơ